<?xml version="1.0" encoding="UTF-8"?>
<record
    xmlns:xsi="http://www.w3.org/2001/XMLSchema-instance"
    xsi:schemaLocation="http://www.loc.gov/MARC21/slim http://www.loc.gov/standards/marcxml/schema/MARC21slim.xsd"
    xmlns="http://www.loc.gov/MARC21/slim">

  <leader>01121nam a2200277 a 4500</leader>
  <controlfield tag="001">000019451</controlfield>
  <controlfield tag="005">20200929170024.0</controlfield>
  <controlfield tag="008">100629s2005    es c          000 0 spa d</controlfield>
  <datafield tag="020" ind1=" " ind2=" ">
    <subfield code="a">8497647572</subfield>
  </datafield>
  <datafield tag="040" ind1=" " ind2=" ">
    <subfield code="a">DO-SdBNP</subfield>
    <subfield code="b">spa</subfield>
    <subfield code="c">BNPHU</subfield>
  </datafield>
  <datafield tag="082" ind1=" " ind2=" ">
    <subfield code="a">923.1</subfield>
    <subfield code="b">S622P</subfield>
  </datafield>
  <datafield tag="100" ind1="1" ind2=" ">
    <subfield code="a">Perris Villamor, Alicia Noem&#xED;</subfield>
    <subfield code="d">1952-</subfield>
    <subfield code="9">41766</subfield>
  </datafield>
  <datafield tag="245" ind1="1" ind2="0">
    <subfield code="a">Sissi Emperatriz, Elizabeth de Austria :</subfield>
    <subfield code="b">el hada de la soledad /</subfield>
    <subfield code="c">Alicia Noem&#xED; Perris Villamor; coordinador general Felipe Sen ; coordinador de colecci&#xF3;n Mar de Ventura Fern&#xE1;ndez.</subfield>
  </datafield>
  <datafield tag="260" ind1=" " ind2=" ">
    <subfield code="a">Madrid, Espa&#xF1;a :</subfield>
    <subfield code="b">Perymat,</subfield>
    <subfield code="c">2005.</subfield>
  </datafield>
  <datafield tag="300" ind1=" " ind2=" ">
    <subfield code="a">189 p. :</subfield>
    <subfield code="b">retrs. ;</subfield>
    <subfield code="c">22 cm.</subfield>
  </datafield>
  <datafield tag="490" ind1="1" ind2=" ">
    <subfield code="a">Mujeres en la historia</subfield>
  </datafield>
  <datafield tag="504" ind1=" " ind2=" ">
    <subfield code="a">Bibliograf&#xED;a : p. 189</subfield>
  </datafield>
  <datafield tag="600" ind1="0" ind2="4">
    <subfield code="a">ISABEL,</subfield>
    <subfield code="c">EMPERATRIZ CONSORTE DE FRANCISCO JOS&#xC9; I., IMPERADOR DE AUSTRIA</subfield>
    <subfield code="d">1854-1898</subfield>
    <subfield code="9">41767</subfield>
  </datafield>
  <datafield tag="650" ind1=" " ind2="4">
    <subfield code="a">Emperatrices</subfield>
    <subfield code="z">Austria</subfield>
    <subfield code="x">Biograf&#xED;as</subfield>
    <subfield code="9">41768</subfield>
  </datafield>
  <datafield tag="651" ind1=" " ind2="4">
    <subfield code="a">Austria</subfield>
    <subfield code="x">Historia</subfield>
    <subfield code="y">1848-1946</subfield>
    <subfield code="9">41769</subfield>
  </datafield>
  <datafield tag="700" ind1="1" ind2=" ">
    <subfield code="a">Sen, Felipe,</subfield>
    <subfield code="e">coord.</subfield>
    <subfield code="9">41707</subfield>
  </datafield>
  <datafield tag="700" ind1="1" ind2=" ">
    <subfield code="a">Ventura Fern&#xE1;ndez, Mar de,</subfield>
    <subfield code="e">coord.</subfield>
    <subfield code="9">41759</subfield>
  </datafield>
  <datafield tag="830" ind1=" " ind2="0">
    <subfield code="a">Mujeres en la historia</subfield>
    <subfield code="9">41760</subfield>
  </datafield>
  <datafield tag="910" ind1=" " ind2=" ">
    <subfield code="a">Validado. Control de calidad MFF</subfield>
  </datafield>
  <datafield tag="049" ind1=" " ind2=" ">
    <subfield code="a">BNGR</subfield>
  </datafield>
  <datafield tag="952" ind1=" " ind2=" ">
    <subfield code="0">0</subfield>
    <subfield code="1">0</subfield>
    <subfield code="5">0</subfield>
    <subfield code="7">1</subfield>
    <subfield code="8">MO</subfield>
    <subfield code="a">R</subfield>
    <subfield code="b">R</subfield>
    <subfield code="c">CT</subfield>
    <subfield code="d">2010-06-29</subfield>
    <subfield code="i">LF1</subfield>
    <subfield code="l">0</subfield>
    <subfield code="o">923.1 S622P</subfield>
    <subfield code="p">19451-10</subfield>
    <subfield code="r">2020-06-25</subfield>
    <subfield code="w">2020-06-25</subfield>
    <subfield code="y">1</subfield>
    <subfield code="Z">01</subfield>
  </datafield>
  <datafield tag="999" ind1=" " ind2=" ">
    <subfield code="c">18967</subfield>
    <subfield code="d">18967</subfield>
  </datafield>
</record>
